000 00592nam a2200229Ia 4500
003 OSt
005 20220928115706.0
006 a|||||r|||| 00| 0
007 ta
008 220927b |||||||| |||| 00| 0 eng d
024 _a73669
037 _cTextual
040 _aSDCL
_cSDCL
_beng
041 _2eng
_aeng
082 _aB13, P2
100 _aAgarwal A K
_9445575
245 0 _aNumber theory and discrete mathematics.
260 _aNew Delhi
_bHindustan Book
_c2002
300 _axi,314p
_ccm.
942 _hB13, P2
_cTEXL
_2CC
999 _c760499
_d760499